000 00437nam a2200181Ia 4500
001 10902
005 20260306161906.0
008 260306t1985||||xx |||||||||||||| ||spa||
041 _aESP
082 _a980.013
_bC32
100 _aCasas, Bartolomé de las
_eAUT
245 0 _aBrevísima relación de la destrucción de las Indias
260 _c1985
300 _a
_c
650 _aGEN
654 _aCHU
942 _cLIB
_dJUS
_fJUS
_2ddc
_n
999 _c10902
_d10902